El último imperio occidental (Record no. 14888)

MARC details
000 -LEADER
campo de control de longitud fija 01006nam a2200265 i 4500
001 - NÚMERO DE CONTROL
campo de control 14888
003 - IDENTIFICADOR DE NÚMERO DE CONTROL
campo de control ES-MaACL
005 - FECHA Y HORA DE LA ÚLTIMA TRANSACCIÓN
campo de control 20250828094149.0
007 - CAMPO FIJO DE DESCRIPCIÓN FÍSICA--INFORMACIÓN GENERAL
campo de control de longitud fija t|
008 - DATOS DE LONGITUD FIJA--INFORMACIÓN GENERAL
campo de control de longitud fija 990630s1998 sp ||||1| spa d
020 ## - NÚMERO INTERNACIONAL ESTÁNDAR DEL LIBRO
Número Internacional Estándar del Libro 84-88861-65-8
080 ## - NÚMERO DE LA CLASIFICACIÓN DECIMAL UNIVERSAL
Número de la Clasificación Decimal Universal 946.9"19"
080 ## - NÚMERO DE LA CLASIFICACIÓN DECIMAL UNIVERSAL
Número de la Clasificación Decimal Universal 325.86"19"
100 1# - ENTRADA PRINCIPAL--NOMBRE DE PERSONA
Nombre de persona Sánchez Cervelló, Josep.
9 (RLIN) 102544
245 13 - MENCIÓN DEL TÍTULO
Título El último imperio occidental
Resto del título : la descolonización portuguesa (1974-1975) /
Mención de responsabilidad, etc. Josep Sánchez Cervelló.
260 ## - PUBLICACIÓN, DISTRIBUCIÓN, ETC.
Lugar de publicación, distribución, etc. Mérida :
Nombre del editor, distribuidor, etc. Universidad Nacional de Educación a Distancia, Centro Regional de Extremadura,
Fecha de publicación, distribución, etc. 1998.
300 ## - DESCRIPCIÓN FÍSICA
Extensión 171 p. ;
Dimensiones 21 cm.
490 1# - MENCIÓN DE SERIE
Mención de serie Cuadernos de Estudios Luso-Españoles ;
Designación de volumen o secuencia 2
650 00 - PUNTO DE ACCESO ADICIONAL DE MATERIA--TÉRMINO DE MATERIA
Término de materia o nombre geográfico como elemento de entrada Descolonización.
9 (RLIN) 11823
651 #4 - PUNTO DE ACCESO ADICIONAL DE MATERIA--NOMBRE GEOGRÁFICO
Nombre geográfico Portugal-
Subdivisión general Historia-
Subdivisión cronológica S.XX.
9 (RLIN) 9264
710 2# - ENTRADA AGREGADA--NOMBRE DE ENTIDAD CORPORATIVA
Nombre de entidad corporativa o nombre de jurisdicción como elemento de entrada Universidad Nacional de Educación a Distancia (España).
Unidad subordinada Centro Regional de Extremadura
9 (RLIN) 7412
830 0# - PUNTO DE ACCESO ADICIONAL DE SERIE-TÍTULO UNIFORME
Título uniforme Cuadernos de Estudios Luso-Españoles ;
Designación de volumen o secuencia 2
9 (RLIN) 179693
852 ## - LOCALIZACIÓN
Ubicación ES-MaACL
Número de control de estantería L-22039
Sublocalización o colección R.127003
Holdings
Estatus retirado Estado de pérdida Estado de daño No para préstamo Biblioteca de origen Biblioteca actual Ubicación en estantería Fecha de adquisición Fuente de adquisición Total de préstamos Signatura topográfica completa Código de barras Visto por última vez Precio de reemplazo Tipo de ítem Koha
        Biblioteca del Ateneo de Madrid Biblioteca del Ateneo de Madrid Depósito 2 17/01/2008     L-22039 1015139 23/02/2023 23/02/2023 Libro impreso